Come lo fanno le ragazze : sex inchiesta /

Uloženo v:
Podrobná bibliografie
Hlavní autor: Bartoloni, Ilda (Autor)
Další autoři: Giommi, Roberta
Médium: Kniha
Jazyk:italština
Vydáno: Milano : Baldini Castoldi Dalai, [2005]
Edice:Le mele ; 26
Témata:
Tagy: Přidat tag
Žádné tagy, Buďte první, kdo vytvoří štítek k tomuto záznamu!

MARC

LEADER 00000nam a2200000 i 4500
001 IT\ICCU\RAV\1318442
003 ItRI
005 20260115231942.0
008 050323s2005 it |||||| ||||| |||||c
015 |2 IT  |a 2006-2604 
020 |a 8884906563 
040 |b ita  |c importazione bologna sebina 
041 7 |a ita  |2 ISO-639-2 
082 |a 306.7082  |9 ISTITUZIONI ATTINENTI ALLE RELAZIONI TRA I SESSI. Il soggetto riferito alle donne  |2 21 
100 1 |a Bartoloni, Ilda  |0 IT\ICCU\TO0V\398408  |4 aut 
245 1 0 |a Come lo fanno le ragazze :  |b sex inchiesta /  |c Ilda Bartoloni ; nota conclusiva di Roberta Giommi. 
260 |a Milano :  |b Baldini Castoldi Dalai,  |c [2005] 
300 |a 277 p. ;  |c 21 cm. 
650 7 |a Donna  |x Comportamento sessuale  |2 scbi 
700 1 |a Giommi, Roberta  |0 IT\ICCU\RAVV\074845 
830 3 |a Le mele ;  |v 26  |0 IT\ICCU\LO1\0714775 
942 |2 ddc  |c BK  |n 0 
952 |0 0  |1 0  |4 0  |6 DOC_306_708000000000000_BAR  |7 0  |9 17715  |a BO  |b BO  |d 2026-01-15  |i 14180  |l 0  |o DOC 306.708 BAR  |p BO14180  |r 2026-01-15 23:19:42  |w 2026-01-15  |x [Sebina 5] [1 v.]  |y BK  |z 1 v. 
999 |c 15080  |d 15080